<?xml version="1.0" encoding="UTF-8"?><collection xmlns="info:lc/xmlns/marcxchange-v2"><record format="Unimarc" type="bibliographic"><leader>00771cam  22002411  450 </leader><controlfield tag="001">1831797</controlfield><controlfield tag="003">http://id.bnportugal.gov.pt/bib/porbase/1831797</controlfield><controlfield tag="005">20030530191100.0</controlfield><datafield ind1=" " ind2=" " tag="010"><subfield code="a">84-7090-076-5</subfield></datafield><datafield ind1=" " ind2=" " tag="035"><subfield code="6">54162</subfield></datafield><datafield ind1=" " ind2=" " tag="095"><subfield code="a">PTBN00865876</subfield></datafield><datafield ind1=" " ind2=" " tag="100"><subfield code="a">19960126d1976    m  y0pory0103    ba</subfield></datafield><datafield ind1="0" ind2=" " tag="101"><subfield code="a">spa</subfield></datafield><datafield ind1=" " ind2=" " tag="102"><subfield code="a">ES</subfield></datafield><datafield ind1="1" ind2=" " tag="200"><subfield code="a">Ciclos y temas de la historia de España</subfield><subfield code="e">&#x98;los &#x9c;moriscos del reino de Granada</subfield><subfield code="f">Julio Caro Baroja</subfield></datafield><datafield ind1=" " ind2=" " tag="205"><subfield code="a">2ª ed</subfield></datafield><datafield ind1=" " ind2=" " tag="210"><subfield code="a">Madrid</subfield><subfield code="c">Istmo</subfield><subfield code="d">1976</subfield></datafield><datafield ind1=" " ind2=" " tag="215"><subfield code="a">284 p.</subfield><subfield code="d">18 cm</subfield></datafield><datafield ind1="2" ind2=" " tag="225"><subfield code="a">&#x98;El &#x9c;libro de bolsillo.</subfield><subfield code="i">Fundamentos</subfield><subfield code="v">50</subfield></datafield><datafield ind1=" " ind2=" " tag="675"><subfield code="a">946</subfield><subfield code="v">BN</subfield><subfield code="z">por</subfield><subfield code="3">297075</subfield></datafield><datafield ind1=" " ind2="1" tag="700"><subfield code="a">Caro Baroja</subfield><subfield code="b">Julio</subfield><subfield code="f">1914-1995</subfield><subfield code="3">35017</subfield></datafield><datafield ind1=" " ind2="0" tag="801"><subfield code="a">PT</subfield><subfield code="b">BN</subfield><subfield code="g">RPC</subfield></datafield><datafield ind1=" " ind2=" " tag="966"><subfield code="l">ACIENL</subfield><subfield code="m">ACIENL</subfield><subfield code="s">Serra 242</subfield></datafield><datafield ind1=" " ind2=" " tag="977"><subfield code="1">Hist. 2C</subfield><subfield code="2">coop</subfield><subfield code="4">BPRMAD</subfield><subfield code="6">da158</subfield><subfield code="7">bc</subfield><subfield code="8">COOP</subfield><subfield code="9">BPRMAD</subfield><subfield code="k">0</subfield></datafield><datafield ind1=" " ind2=" " tag="977"><subfield code="1">9c/II/66v</subfield><subfield code="2">coop</subfield><subfield code="4">UPLE</subfield><subfield code="6">mq1051408</subfield><subfield code="7">bc</subfield><subfield code="8">coop</subfield><subfield code="9">UPLE</subfield><subfield code="a">FG</subfield><subfield code="b">25252</subfield><subfield code="k">0</subfield></datafield><datafield ind1=" " ind2=" " tag="998"><subfield code="a">PLE42-5082</subfield></datafield></record></collection>